00665npc a2200193Ia 4500001001400000003001000014005001700024008004100041040002500082041000700107100003600114245009400150250000600244260003400250300001200284500010700296650002400403700004400427dp5/18-40327 IT-MiCISF20240919124741.0161014s9999||||xx | und|| aIT-MiCISFcIT-MiCISF ait aQuarta Annamaria, Quarta Franco 0aCPM, Centri di Preparazione al Matrimonio, 40 anni di pastorale prematrimoniale in Italia a. aTorino,bCPM di Torino,c2004 app. 159 a pastorale-prematrimoniale, preparazione-al-matrimonio, associazioni, storia, spiritualità-coniugale apastorale-familiare aVassalluzzo F., Coltella M., Piana G...